Hevea latex: Its structure and viscosity (Record no. 60331)

MARC details
000 -LEADER
fixed length control field 00328nam a2200109Ia 4500
100 ## - MAIN ENTRY--AUTHOR NAME
Personal name Verhaar G
245 #0 - TITLE STATEMENT
Title Hevea latex: Its structure and viscosity
260 ## - PUBLICATION, DISTRIBUTION, ETC. (IMPRINT)
Name of publisher Proceedings of the 3rd Rubber Technology Conference, London, 1954; p77-86
650 ## - SUBJECT ADDED ENTRY--TOPICAL TERM
Topical Term Hevea latex
942 ## - ADDED ENTRY ELEMENTS (KOHA)
Koha item type Journals
Holdings
Withdrawn status Lost status Damaged status Not for loan Home library Current library Shelving location Date acquired Koha item type
      Journals RRII Library RRII Library Rubber chemistry 17/12/2021 Journals